000 00291nam a2200121Ia 4500
008 190216s9999||||xx |||||||||||||| ||und||
100 _aPhilip Kotler
245 0 _aMarketing Management
260 _bPrentice Hall Of India Pvt Ltd
_c1999
300 _a820p
650 _aCommerce
942 _cBK
999 _c5744
_d5744